Du principe des nacionalités / (Record no. 48518)

MARC details
000 -LEADER
campo de control de longitud fija 00489nam a22001575i 4500
001 - NÚMERO DE CONTROL
campo de control 48518
003 - IDENTIFICADOR DE NÚMERO DE CONTROL
campo de control ES-MaACL
007 - CAMPO FIJO DE DESCRIPCIÓN FÍSICA--INFORMACIÓN GENERAL
campo de control de longitud fija t|
008 - DATOS DE LONGITUD FIJA--INFORMACIÓN GENERAL
campo de control de longitud fija 950725s1860 fr ||||1| fre d
040 ## - FUENTE DE CATALOGACIÓN
Centro catalogador/agencia de origen CAM
Lengua de catalogación spa
Centro/agencia transcriptor CAM
100 1# - ENTRADA PRINCIPAL--NOMBRE DE PERSONA
Nombre de persona Deloche, Maximin.
9 (RLIN) 43557
245 10 - MENCIÓN DEL TÍTULO
Título Du principe des nacionalités /
Mención de responsabilidad, etc. par Maximin Deloche...
260 ## - PUBLICACIÓN, DISTRIBUCIÓN, ETC.
Lugar de publicación, distribución, etc. Paris :
Nombre del editor, distribuidor, etc. Librairie de Guillaumin et Cie.,
Fecha de publicación, distribución, etc. 1860 (
Lugar de fabricación/manufactura Saint-Denis :
Fabricante typographie de A. Moulin)
300 ## - DESCRIPCIÓN FÍSICA
Extensión 171 p. ;
Dimensiones 24 cm.
852 ## - LOCALIZACIÓN
Ubicación ES-MaACL
Número de control de estantería T-184-F-3
Holdings
Estatus retirado Estado de pérdida Estado de daño No para préstamo Colección Biblioteca de origen Biblioteca actual Ubicación en estantería Fecha de adquisición Fuente de adquisición Total de préstamos Signatura topográfica completa Código de barras Visto por última vez Precio de reemplazo Tipo de ítem Koha
        Colección de folletos Biblioteca del Ateneo de Madrid Biblioteca del Ateneo de Madrid Depósito folletos 17/01/2008     T-184-F-3 1051060 23/02/2023 23/02/2023 Folleto